000 00330 a2200145 4500
001 193142
020 _a978-989-99444-2-8
040 _cMagnum
240 1 0 _aNa livraria mais bonita do mundo
_lpor
245 1 0 _aNa livraria mais bonita do mundo
300 _a14
362 0 _a2018
697 _aLITERATURA INFANTO
942 _cBK
999 _c193142
_d193142